000 00206nam a22000977a 4500
003 OSt
008 201014b ||||| |||| 00| 0 eng d
100 _aGray
_94787
245 _aApplied Electronics
942 _cBK
999 _c16376
_d16376